Logo de marque en A - Statistiques

Statistiques générales
  • Ce quiz a été pris 266 fois
  • Le résultat moyen est 9 sur 16
Statistiques - réponses
Par images Réponse % Correct
Adidas
100%
Amazon
99%
Audi
99%
Apple
98%
Auchan
93%
Aldi
89%
Aston Martin
80%
Asus
60%
Armani
56%
Acer
54%
Airbus
16%
Aigle
11%
Axe
9%
Aperol
6%
Activia
5%
Applebee's
2%
Aucun quiz correspondant
Distribution des résultats
% des personnes avec chaque résultat
Percentile par nombre de réponses
Votre historique - résultats
Vous n’avez pas pris ce quiz